[Event "Vaujany op-B 7th"]
[Site "Vaujany"]
[Date "2016.07.16"]
[Round "6"]
[White "Gamba, Killian"]
[Black "Laronche, Thomas"]
[Result "1-0"]
[WhiteElo "1867"]
[BlackElo "1800"]
[PlyCount "43"]
[EventDate "2016.07.16"]
[EventType "swiss"]
[EventRounds "9"]
[EventCountry "FRA"]
[SourceTitle "EXT 2017"]
[Source "ChessBase"]
[SourceDate "2016.10.25"]
[SourceVersion "1"]
[SourceVersionDate "2016.10.25"]
[SourceQuality "1"]

1. d4 b5 2. e4 Bb7 3. Nd2 a6 4. Ngf3 e6 5. a4 b4 6. Bd3 Nf6 7. 0-0 c5 8. d5 exd5 9. Re1 d4 10. Nc4 Be7 11. e5 Nd5 12. Nd6+ Bxd6 13. exd6+ Kf8 14. Ng5 Nc6 15. Qh5 g6 16. Qh6+ Kg8 17. Bc4 Na5 18. Re7 Qxe7 19. dxe7 Nxc4 20. Ne4 Rc8 21. Bg5 f5 22. Nxc5 1-0